000
00429nam a2200145Ia 4500
008
100204s9999 xx 000 0 und d
082
_b
24
100
_a
साधले आनंद
245
_a
कुमार संभव
260
_b
"प्रिया प्रकाशन, मुंबई"
300
_a
184
630
_a
कुमार संभव
730
_a
कुमार संभव
942
_c
BOOK
999
_c
445221
_d
445218